Top 30 : Doja Cat - Statistiques

Statistiques générales
  • Ce quiz a été pris 107 fois
  • Le résultat moyen est 18 sur 30
Statistiques - réponses
Top Titres Featuring % Correct
1 Kiss Me More SZA
96%
6 Say So
93%
29 Say So (Remix) Nicki Minaj
93%
3 Paint The Town Red
89%
2 Woman
81%
4 Streets
74%
8 You Right The Weeknd
73%
13 Best Friend Saweetie
70%
5 Need to Know
69%
20 Juicy Tyga
67%
17 Like That Gucci Mane
66%
10 Agora Hills
64%
25 34+35 Remix Ariana Grande, Megan Thee Stallion
63%
16 motive Ariana Grande
61%
21 Tia Tamera Rico Nasty
61%
28 Born Again LISA, RAYE
60%
19 Rules
54%
27 Dick StarBoi3
53%
14 Candy
51%
11 Ain't Shit
47%
12 Get Into It (Yuh)
47%
30 I Don't Do Drugs Ariana Grande
44%
24 Freak
43%
26 Cyber Sex
41%
9 I Like You (A Happier Song) Post Malone
41%
23 Wine Pon You Konshens
41%
7 Boss Bitch
39%
18 So High
36%
22 Del Mar Ozuna, Sia
33%
15 Vegas
30%
Aucun quiz correspondant
Distribution des résultats
% des personnes avec chaque résultat
Percentile par nombre de réponses
Votre historique - résultats
Vous n’avez pas pris ce quiz